000 00459nam a2200193Ia 4500
008 170705s9999 xx 000 0 und d
020 _a9780531147870
245 _aBeyond pluto :
245 _bthe final frontier in space /
245 _cElaine Landau.
260 _aNew York :
260 _bScholastic,
260 _c2007
300 _a48 pages :
300 _bcolor illustration ;
300 _c21cm.
440 _aA true book.
500 _a810
999 _c336272
_d336272